000 00612nam a2200205Ia 4500
003 GCL
008 140319s9999 xx 000 0 ara d
040 _aGCL /
_cGCL
082 0 4 _a891.4
_bن ب
100 1 _aعلى ادهم
245 1 0 _aبكالوريوس فى الآداب /
_cعلى ادهم
700 1 _aنارايان, ر.ك.
700 1 _aمصطفى محمد حسنين
300 _a254 ص
490 _aالالف كتاب
_v0
650 0 4 _aالادب الهندى
650 0 4 _aالادب الهندى المترجم
650 0 4 _aالقصص الهندية المترجمة
942 _2ddc
_cBK
999 _c40346
_d40346